Membre de Groupes provenant de Disney/Pixar - Statistiques

Statistiques générales
  • Ce quiz a été pris 151 fois
  • Le résultat moyen est 19 sur 24
Statistiques - réponses
Réponse % Correct
Blanche-Neige
98%
Cendrillon
96%
Aurore
95%
Raiponce
92%
Belle
91%
Grincheux
90%
Simplet
88%
Atchoum
86%
Dormeur
86%
Ariel
85%
Prof
85%
Mulan
79%
Timide
78%
Tiana
77%
Vaiana
76%
Jack-Jack
75%
Pocahontas
75%
Joyeux
74%
Violette
74%
Jasmine
72%
Mérida
72%
Flèche
70%
Elastigirl
67%
M.Indestructible
56%
Aucun quiz correspondant
Distribution des résultats
% des personnes avec chaque résultat
Percentile par nombre de réponses
Votre historique - résultats
Vous n’avez pas pris ce quiz